| 000 | 00450pam a2200169 a 4500 | ||
|---|---|---|---|
| 020 | _c | ||
| 040 | _aJNTU_500028 | ||
| 041 | _aeng | ||
| 082 |
_a004.16 _bRAM |
||
| 100 | _aRam Badri | ||
| 245 |
_aFundamentals of Microprocessors and Microcomputers _cBadri Ram _hTextual Documents |
||
| 250 | _a5th rev & enl ed | ||
| 260 |
_aNew Delhi _bDhanpat Rai Pub _c1999 |
||
| 300 |
_axx various pagination _bill _c22cm. |
||
| 365 | _aRs.195.00 | ||
| 930 | _a6145 | ||
| 999 |
_c83059 _d83059 |
||